| 000 | 00496nam a2200145Ia 4500 | ||
|---|---|---|---|
| 008 | 220214s9999 xx 000 0 und d | ||
| 022 | _a0006-1387 | ||
| 245 | 0 | _aBIBLIOGRAPHIE DER PFLANZENSCHUTLITERATUR (Bibliography of Plant Protection) | |
| 260 |
_bFederal Biological Research Centre for Agriculture and Forestry, Berlin _aGermany |
||
| 310 | _a4/y | ||
| 500 | _aEnding Volume & Year: 23, 1987 | ||
| 500 | _aMissing Volume: 21(2) | ||
| 500 | _aStarting Volume & Year: 19, 1984 | ||
| 942 | _cBJ | ||
| 999 |
_c13524 _d13524 |
||